书目信息 |
| 题名: |
防治血吸虫病经验汇编
|
|
| 作者: | ;人民卫生出版社 编 | |
| 分册: | 第三集 | |
| 出版信息: | 北京 人民卫生出版社 1978 |
|
| 页数: | 137页 | |
| 开本: | 19cm | |
| 丛书名: | ||
| 单 册: | ||
| 中图分类: | R533-1 | |
| 科图分类: | ||
| 主题词: | 血吸虫病--防治--文集 | |
| 电子资源: | ||
| ISBN: | ||
| 000 | 00700nam0 2200229 45 | |
| 001 | 0178000784 | |
| 005 | 20060118113609.25 | |
| 010 | @dCNY0.35 | |
| 091 | @a14048.3634 | |
| 100 | @a19950811d1978 em y0chiy0121 ea | |
| 101 | 0 | @achi |
| 102 | @aCN@b110000 | |
| 105 | @ay z 000yy | |
| 200 | 10 | @a防治血吸虫病经验汇编@Afang zhi xue xi chong bing jing yan hui bian@h第三集@f人民卫生出版社编@Fren min wei sheng chu ban she bian |
| 210 | @a北京@c人民卫生出版社@d1978 | |
| 215 | @a137页@d19cm | |
| 300 | @a国内发行 | |
| 606 | @a血吸虫病@x防治@x文集 | |
| 690 | @aR533-1@v3 | |
| 711 | 0 | @a人民卫生出版社@Aren min wei sheng chu ban she@4编 |
| 801 | 0 | @aCN@bTSSF@c20060118 |
| 905 | @a10447@dR533-1@e1:3 | |
| 防治血吸虫病经验汇编.第三集/人民卫生出版社编.-北京:人民卫生出版社,1978 |
| 137页;19cm |
| 国内发行 |
| ISBN :CNY0.35 |
| ● |
| 相关链接 |
|
|
|
|
正题名:防治血吸虫病经验汇编
索取号:R533-1/1:3
 
预约/预借
| 序号 | 登录号 | 条形码 | 馆藏地/架位号 | 状态 | 备注 |
| 1 | 0002647 | 000714819 | 密集书库/ [索取号:R533-1/1:3] | 在馆 | |
| 2 | 0002648 | 000714846 | 密集书库/ [索取号:R533-1/1:3] | 在馆 | |
| 3 | 0002649 | 000714837 | 密集书库/ [索取号:R533-1/1:3] | 在馆 |